Zemný plyn v kontexte energetickej bezpečnosti Slovenskej republiky diplomová práca

Gespeichert in:
Bibliographische Detailangaben
1. Verfasser: Biznár, Viktor
Körperschaft: Obchodná fakulta EU. Katedra medzinárodného obchodu
Weitere Verfasser: Ružeková, Viera, 1957-
Format: Buch
Sprache:Slowakisch
Veröffentlicht: Bratislava 2011
Tags: Tag hinzufügen
Keine Tags, Fügen Sie das erste Tag hinzu!

MARC

LEADER 00000nam a2200000 4500
001 0147501
005 20240318124903.7
041 0 |a slo 
044 |a SK 
245 1 0 |a Zemný plyn v kontexte energetickej bezpečnosti Slovenskej republiky  |b diplomová práca  |c Viktor Biznár ; školiteľ: Viera Ružeková 
264 1 |a Bratislava  |c 2011 
300 |a 115 s. 
100 1 |a Biznár, Viktor 
700 1 |a Ružeková, Viera, 1957- 
710 2 |a Obchodná fakulta EU. Katedra medzinárodného obchodu